书目信息 |
| 题名: |
企业安全管理实用读本
|
|
| 作者: | 杨剑 , 张艳旗 编著 | |
| 分册: | ||
| 出版信息: | 北京 中国纺织出版社 2015 |
|
| 页数: | 268页 | |
| 开本: | 24cm | |
| 丛书名: | ||
| 单 册: | ||
| 中图分类: | X931 | |
| 科图分类: | ||
| 主题词: | 企业管理--安全管理 | |
| 电子资源: | ||
| ISBN: | 978-7-5180-1260-2 | |
| 000 | 00878nam0 2200253 450 | |
| 001 | 012015000255 | |
| 005 | 20151130144740.54 | |
| 010 | @a978-7-5180-1260-2@dCNY32.80 | |
| 100 | @a20150310d2015 em y0chiy50 ea | |
| 101 | 0 | @achi |
| 102 | @aCN@b110000 | |
| 105 | @ay z 000yy | |
| 106 | @ar | |
| 200 | 1 | @a企业安全管理实用读本@Aqi ye an quan guan li shi yong du ben@f杨剑,张艳旗编著 |
| 210 | @a北京@c中国纺织出版社@d2015 | |
| 215 | @a268页@d24cm | |
| 300 | @a基础管理培训教材 | |
| 330 | @a本书细致地讲解了安全管理的整个脉络框架以及在管理过程中需要注意的细节。全书分为九章,包括安全与安全责任、安全管理理念、安全教育培训、安全生产日常管理、机械设备工夹具安全管理等。 | |
| 606 | 0 | @a企业管理@x安全管理 |
| 690 | @aX931@v5 | |
| 701 | 0 | @a杨剑@Ayang jian@4编著 |
| 701 | 0 | @a张艳旗@Azhang yan qi@4编著 |
| 801 | 0 | @aCN@b碧洲教育@c20151127 |
| 905 | @a10447@f4@dX931@e23 | |
| 企业安全管理实用读本/杨剑,张艳旗编著.-北京:中国纺织出版社,2015 |
| 268页;24cm |
| 基础管理培训教材 |
| ISBN 978-7-5180-1260-2:CNY32.80 |
| 本书细致地讲解了安全管理的整个脉络框架以及在管理过程中需要注意的细节。全书分为九章,包括安全与安全责任、安全管理理念、安全教育培训、安全生产日常管理、机械设备工夹具安全管理等。 |
| ● |
| 相关链接 |
|
|
|
|
正题名:企业安全管理实用读本
索取号:X931/23
 
预约/预借
| 序号 | 登录号 | 条形码 | 馆藏地/架位号 | 状态 | 备注 |
| 1 | 0871088 | 208710885 | 第二样本阅览室/ [索取号:X931/23] | 在馆 | |
| 2 | 0871089 | 208710894 | 第三借阅区/ [索取号:X931/23] | 在馆 | |
| 3 | 0871090 | 208710901 | 第三借阅区/ [索取号:X931/23] | 在馆 | |
| 4 | 0871091 | 208710910 | 第三借阅区/ [索取号:X931/23] | 在馆 |